The United States Constitution in perspective

Salvato in:
Dettagli Bibliografici
Autore principale: Heathcock, Claude L (Autore)
Natura: Libro
Lingua:inglese
Pubblicazione: Boston Allyn and Bacon 1963
Soggetti:
Tags: Aggiungi Tag
Nessun Tag, puoi essere il primo ad aggiungerne!!

MARC

LEADER 00000nam a2200000 a 4500
001 UCT9688
003 CL-VaPUC
008 970411e19630000US |||||||||||||||||eng|d
082 0 4 |a 342.73  |b HEA  |2 21 
100 0 |a Heathcock, Claude L  |e author  |9 382606 
245 1 4 |a The United States Constitution in perspective 
300 |a 322 p 
942 |c BK 
945 |d 19970411 00:00:00  |a paguirre 
260 |a Boston  |b Allyn and Bacon  |c 1963 
650 0 |a Constituciones  |9 255417 
650 0 |a Derecho constitucional   |9 222588 
650 0 |a Historia constitucional  |9 256052 
650 0 |a Poder político  |9 255509 
650 0 |a Poder ejecutivo  |9 255177 
650 0 |a Poder legislativo  |9 258808 
650 0 |a Poder judicial  |9 254871 
651 0 |a Estados Unidos  |9 255178 
583 |a last modification  |c 19970411 00:00:00  |k Rodrigo Vera 
999 |c 258067  |d 258065 
952 |0 0  |1 0  |4 0  |6 342_730000000000000_HEA_1963  |7 0  |8 A  |9 281855  |a BIBDER  |b BIBDER  |d 2019-11-19  |i 1828673  |o 342.73 HEA 1963  |p 1828673  |r 2023-01-25  |w 2019-11-19  |y BK  |k DER